000
00323nam a2200121Ia 4500
008
220204s9999 xx 000 0 und d
020
_a
0976184923
082
_a
577.2:546.172.6
_b
MAG
100
_a
Magalhaes, Jose R
245
0
_a
Nitric oxide signalling in higher plants
260
_a
USA
_b
Stadium Press
_c
2005
942
_c
BK
999
_c
42637
_d
42637